LIBRARY & INFORMATION CENTRE, KCAET, TAVANUR

ONLINE PUBLIC ACCESS CATALOGUE (OPAC)

International research on saline irrigation water / (Record no. 8868)

MARC details
000 -LEADER
fixed length control field 00424cam a2200157ua 4500
041 ## - LANGUAGE CODE
Language code of text/sound track or separate title eng
082 ## - DEWEY DECIMAL CLASSIFICATION NUMBER
Classification number 028.75011
Item number GUP/IN
100 ## - MAIN ENTRY--AUTHOR NAME
Personal name Gupta, I.C .
245 ## - TITLE STATEMENT
Title International research on saline irrigation water /
260 ## - PUBLICATION, DISTRIBUTION, ETC. (IMPRINT)
Place of publication New Delhi :
Name of publisher Agricole Publishing Academy ,
Year of publication 1981.
300 ## - PHYSICAL DESCRIPTION
Number of Pages 389 ; .
700 1# - ADDED ENTRY--PERSONAL NAME
Personal name Pahwa, K.N .
942 ## - ADDED ENTRY ELEMENTS (KOHA)
Koha item type Books
Holdings
Withdrawn status Lost status Damaged status Home library Current library Date acquired Full call number Accession Number Koha item type
      KAUAET KAUAET 07/04/2012 028.75011 17804 Reference
free website counter